000 00792nam a2200181Ia 4500
008 151202s9999||||xx |||||||||||||| ||und||
082 _bPNVM-76818
100 _aसासणे भारत
245 _aचिरदाह - दीर्घकथा संग्रह
260 _b"मँजेस्टिक प्रकाशन फ़िनिक्स, तिसरा मजला, 457 एस व्ही पी रोड,गिरगाव,मुंबई 400004"
260 _c2008
300 _a193
600 _aसासणे भारत
630 _aचिरदाह - दीर्घकथा संग्रह
700 _aसासणे भारत
730 _aचिरदाह - दीर्घकथा संग्रह
942 _cBOOK
999 _c1343477
_d1343474